Μελέτη δικτύων εκπομπής : μεταπτυχιακή διατριβή
Οι τεχνολογίες broadcasting μπορεί να γίνανε γνωστές στο ευρύ κοινό λογω της τηλεόρασης σε σταθερούς δέκτες αρχικά αλλά εδώ καιρό άρχισαν να γίνονται προσπάθειες για την χρησιμοποίηση τους σε συνδυασμό με άλλες τεχνολογίες, όπως η δημιουργία υβριδικών συστημάτων έτσι ώστε να εξασφαλιστούν τα πλεονεκ...
Αποθηκεύτηκε σε:
| Κύριος συγγραφέας: | |
|---|---|
| Συγγραφή απο Οργανισμό/Αρχή: | |
| Μορφή: | Thesis Βιβλίο |
| Γλώσσα: | Greek |
| Δημοσίευση: |
2011.
|
| Θέματα: | |
| Διαθέσιμο Online: | http://hdl.handle.net/11610/12543 |
| Ετικέτες: |
Προσθήκη ετικέτας
Δεν υπάρχουν, Καταχωρήστε ετικέτα πρώτοι!
|
MARC
| LEADER | 00000cam a2200000 i 4500 | ||
|---|---|---|---|
| 001 | 1/12222 | ||
| 008 | 110303s2011 gr | ||| |||| ||gre|| | ||
| 035 | |l 10109703 | ||
| 040 | |a GR-MyUA |b gre |e AACR2 | ||
| 041 | 0 | |a gre | |
| 082 | 0 | |a 621.388 |2 (22) | |
| 100 | 1 | |a Αραμπατζής, Λάμπρος. | |
| 245 | 1 | 0 | |a Μελέτη δικτύων εκπομπής : |b μεταπτυχιακή διατριβή / |c Λάμπρος Αραμπατζής ; επιβλέπων καθηγητής Χαράλαμπος Σκιάνης. |
| 260 | |c 2011. | ||
| 300 | |a 92 σ. : |b σχέδια ; |c 30 εκ. | ||
| 500 | |a Μέλη της εξεταστικής επιτροπής: Χαράλαμπος Σκιάνης, Βουγιούκας Δημοσθένης, Μαραγκουδάκης Εμμανουήλ. | ||
| 502 | |a Διατριβή (μεταπτυχιακή) – Πανεπιστήμιο Αιγαίου, Σάμος, 2011. | ||
| 504 | |a Βιβλιογραφία: σ. 91-92. | ||
| 506 | 1 | |a Διάθεση πλήρους κειμένου ; |d Ενδοπανεπιστημιακή δημοσίευση. | |
| 520 | |a Οι τεχνολογίες broadcasting μπορεί να γίνανε γνωστές στο ευρύ κοινό λογω της τηλεόρασης σε σταθερούς δέκτες αρχικά αλλά εδώ καιρό άρχισαν να γίνονται προσπάθειες για την χρησιμοποίηση τους σε συνδυασμό με άλλες τεχνολογίες, όπως η δημιουργία υβριδικών συστημάτων έτσι ώστε να εξασφαλιστούν τα πλεονεκτήματα που μπορούν να προσφέρουν και να παραδοθούν νέες υπηρεσίες, που θα δίνουν δυνατότητα διαδράσεως στον πελάτη. Δίκτυα όπως τα σημερινά 3G και τα επερχόμενα 4G καλούνται να προσφέρουν τα κανάλι επιστροφής που θα κάνει δυνατή και την διάδραση. | ||
| 540 | |a Κλειδωμένη η δυνατότητα αντιγραφής (copy) του κειμένου. | ||
| 610 | 2 | 0 | |a University of the Aegean |x Dissertations. |
| 650 | 0 | 0 | |a Digital television. |
| 650 | 0 | 0 | |a Dissertations, Academic |z Greece. |
| 700 | 1 | |a Σκιάνης, Χαράλαμπος, |e dgs | |
| 710 | 2 | |a Πανεπιστήμιο Αιγαίου. |b Σχολή Θετικών Επιστημών. |b Τμήμα Μηχανικών Πληροφοριακών και Επικοινωνιακών Συστημάτων. |b Π.Μ.Σ. Τεχνολογίες και Διοίκηση Πληροφοριακών και Επικοινωνιακών Συστημάτων. | |
| 852 | |a INST |b SAMOS |c DIATR |e 20110303 |h 621.388 ΑΡΑ |p 005300032950 |q 005300032950 |t MTXE |y 23 | ||
| 852 | |a INST |b SAMOS |c DIATR |e 20110303 |h 621.388 ΑΡΑ |p 005300032951 |q 005300032951 |t MTXE |y 23 | ||
| 856 | |u http://hdl.handle.net/11610/12543 | ||
| 901 | |a BIBL3-2011-1 | ||
| 909 | |a Σ |b 166309 | ||
| 909 | |a Σ |b 166310 | ||
| 924 | |a ΑΡΑΜΠΑΤΖΗΣ |b ΛΑΜΠΡΟΣ |y Σάμος |z 2011-02 | ||
| 970 | |a ΚΟΣΙΕΡΗΣ |b ΧΡΗΣΤΟΣ |z 2011/03/03 | ||